UM Logo

The sociology of emotions of the protest action of Iranians on 28 December 2017 / (Record no. 20707)

MARC details
000 -LEADER
fixed length control field 00933nam a22002297a 4500
003 - CONTROL NUMBER IDENTIFIER
control field OSt
005 - DATE AND TIME OF LATEST TRANSACTION
control field 20250826145916.0
008 - FIXED-LENGTH DATA ELEMENTS--GENERAL INFORMATION
fixed length control field 240820b ||||| |||| 00| 0 eng d
040 ## - CATALOGING SOURCE
Transcribing agency 0
082 ## - DEWEY DECIMAL CLASSIFICATION NUMBER
Classification number DPer 320.05 As421 April-December 2020 v. 28 n. 1-3
100 ## - MAIN ENTRY--PERSONAL NAME
Personal name Malh, Ali Karimi.
Relator term author.
9 (RLIN) 58481
245 ## - TITLE STATEMENT
Title The sociology of emotions of the protest action of Iranians on 28 December 2017 /
Statement of responsibility, etc. Ali Karimi Malh and Reza Garshasbi.
260 ## - PUBLICATION, DISTRIBUTION, ETC. (IMPRINT)
Place of publication, distribution, etc. United Kingdom ;
Name of publisher, distributor, etc. Taylor & Francis Group ,
Date of publication, distribution, etc. December 2020.
300 ## - PHYSICAL DESCRIPTION
Extent Volume 28, pages 334-355 :
Other physical details illustration ;
Dimensions 26 cm.
500 ## - GENERAL NOTE
General note Asian Journal of Political Science, vol. 28, no. 3, pages 334-355, December 2020.
650 #0 - SUBJECT ADDED ENTRY--TOPICAL TERM
Topical term or geographic name as entry element Contextual interpretation.
9 (RLIN) 67036
650 #0 - SUBJECT ADDED ENTRY--TOPICAL TERM
Topical term or geographic name as entry element Iranian protest action.
9 (RLIN) 67037
650 #0 - SUBJECT ADDED ENTRY--TOPICAL TERM
Topical term or geographic name as entry element Sociology of emotions.
9 (RLIN) 67038
700 ## - ADDED ENTRY--PERSONAL NAME
Personal name Malh, Ali Karimi.
Relator term author.
9 (RLIN) 58481
700 ## - ADDED ENTRY--PERSONAL NAME
Personal name Garshasbi, Reza.
Relator term author.
9 (RLIN) 58482
942 ## - ADDED ENTRY ELEMENTS (KOHA)
Source of classification or shelving scheme Dewey Decimal Classification
Koha item type Periodicals
Holdings
Withdrawn status Lost status Source of classification or shelving scheme Damaged status Not for loan Collection code Home library Current library Date acquired Total Checkouts Full call number Date last seen Price effective from Koha item type Public note
    Dewey Decimal Classification     Periodicals UM Digos College - LIC UM Digos College - LIC 08/20/2024   DPer 320.05 As421 April-December 2020 v. 28 n. 1-3 08/20/2024 08/20/2024 Periodicals Periodical Article